000 00900nam a2200241 a 4500
003 BD-DhJNU
005 20250122063324.0
008 160822b 1991 bg a||| |||| 00| 0 ben d
022 _a9840601458
040 _aBD-DhJNU
_bben
_cBD-DhJNU
_dBD-DhJNU
082 _a297.03 ISL
_223
110 _aইসলামিক ফাউন্ডেশন বাংলাদেশ
245 _aইসলামী বিশ্বকোষ, ১৭শ খণ্ড /
246 _aIslami bissokosh /
250 _a
260 _aঢাকা :
_bইসলামিক ফাউন্ডেশন বাংলাদেশ,
_c1995.
300 _a773 p. ;
_c26 cm.
490 _v১৭শ খণ্ড
526 _aIslamic Studies
650 _aIslamic studies (ইসলাম শিক্ষা).
650 _aIslamic - Encyclopedia (ইসলামী বিশ্বকোষ).
942 _2ddc
_cREF
_n0
999 _c1149
_d1149